Sudden Death - Nachbarländer von Belarus - Statistiken

Allgemein
  • Dieses Quiz wurde 125 mal gespielt
  • Das Durchschnittsergebnis liegt bei 4 aus 6
Answers on the Grid
Answers color-coded by a green-red scale on the quiz's grid according to % correct below.
Russland🇷🇺
Lettland🇱🇻
Litauen🇱🇹
Polen🇵🇱
Ukraine🇺🇦
Belarus🇧🇾
Estland🇪🇪
Moldau🇲🇩
Finnland🇫🇮
Tschechien🇨🇿
Slowakei🇸🇰
Deutschland🇩🇪
Österreich🇦🇹
Schweiz🇨🇭
Kasachstan🇰🇿
Ungarn🇭🇺
Rumänien🇷🇴
China🇨🇳
Bulgarien🇧🇬
Slowenien🇸🇮
 
Antwortstatistiken
Antwort % Korrekt
Ukraine🇺🇦
82%
Polen🇵🇱
76%
Russland🇷🇺
76%
Litauen🇱🇹
58%
Lettland🇱🇻
48%
Belarus🇧🇾
36%
Keine übereinstimmenden Quizze gefunden
Verteilung der Resultate
Anzahl Personen mit jedem Resultat
Perzentil nach korrekt beantworteten Fragen
Ihre Resultats-Entwicklung
Sie haben dieses Quiz noch nicht gespielt